Focus : George Orwell (QCM) - Statistiques

Statistiques générales
  • Ce quiz a été pris 22 fois
  • Le résultat moyen est 7 sur 12
Statistiques - réponses
Question Réponse % Correct
Dans "La Ferme des animaux", quel animal est le chef ? Un cochon
95%
Lequel de ses romans raconte une dystopie où Big Brother surveille tout ? 1984
90%
Quel est son vrai nom ? Eric Arthur Blair
76%
"La Ferme des animaux" est une satire de quel régime politique ? Le stalinisme soviétique
76%
Quelle est la fonction principale du "Ministère de la Vérité" dans 198* ? Réécrire et falsifier les documents historiques
76%
Quelle expérience personnelle l'a inspiré pour "Hommage à la Catalogne" ? Son engagement dans la guerre d’Espagne
71%
Comment s’appelle la société oppressive décrite dans 198* ? L’Océania
67%
Dans quel pays est-il né ? Inde
43%
Quelle est une caractéristique récurrente du style d’Orwell ? Une langue simple et claire pour des idées profondes
43%
Lequel de ses ouvrages critique la société anglaise en mettant en scène un héros pauvre et idéaliste qui refuse le conformisme bourgeois ? Et vive l’aspidistra !
19%
Lequel de ces romans n'est pas de lui ? Au pays des brumes
14%
Avant de devenir écrivain, quel métier a-t-il exercé plusieurs années ? Policier
10%
Aucun quiz correspondant
Distribution des résultats
% des personnes avec chaque résultat
Percentile par nombre de réponses
Votre historique - résultats
Vous n’avez pas pris ce quiz